000
00309nam a2200133Ia 4500
008
180730s9999||||xx |||||||||||||| ||und||
020
_a
9780823016716
082
_a
700
_b
SIM/F
100
_a
Simon, Mark
245
0
_a
Facial Expressions
260
_a
New yark
_b
W.G. Pub.
_c
2005
300
_a
256p
942
_a
BK
999
_c
2245
_d
2245